| 000 | 00353nam a2200133Ia 4500 | ||
|---|---|---|---|
| 008 | 240624s9999 xx 000 0 und d | ||
| 041 | _aeng | ||
| 082 | _a020 VAS | ||
| 100 | _aMAHESH VASANTH N | ||
| 245 | _aSOFTWARE PACKAGES FOR LIBRARY AUTOMATION | ||
| 260 |
_c2001 _aNew Delhi _bEss Ess Publications |
||
| 300 | _a189 : p. : cm. ; 21 | ||
| 365 |
_cRS _b20 |
||
| 999 |
_c8410 _d8410 |
||